Radicalism in Hungary of today
Historické pozadie radikalizmu v Maďarsku, terminologický zmätok. Krajná pravica v Maďarsku: ideologické pozadie, atribúty, rasizmus. Krajná ľavica, liberáli a populizmus v Maďarsku. Osvedčené postupy proti radikalizmu.
Guardado en:
| Autor principal: | |
|---|---|
| Formato: | Capítulo de libro |
| Lenguaje: | inglés |
| Materias: | |
| Etiquetas: |
Sin Etiquetas, Sea el primero en etiquetar este registro!
|
MARC
| LEADER | 00000nla a2200000 4500 | ||
|---|---|---|---|
| 001 | 0231273 | ||
| 005 | 20220801090629.2 | ||
| 041 | 0 | |a eng | |
| 044 | |a PL | ||
| 245 | 1 | 0 | |a Radicalism in Hungary of today |c Máté Hajba |
| 520 | |a Historické pozadie radikalizmu v Maďarsku, terminologický zmätok. Krajná pravica v Maďarsku: ideologické pozadie, atribúty, rasizmus. Krajná ľavica, liberáli a populizmus v Maďarsku. Osvedčené postupy proti radikalizmu. | ||
| 610 | 2 | 0 | |a spoločnosť |
| 610 | 2 | 0 | |a politika |
| 610 | 2 | 0 | |a radikalizmus |
| 610 | 2 | 0 | |a extrémizmus |
| 610 | 2 | 0 | |a rasizmus |
| 610 | 2 | 0 | |a strany politické |
| 610 | 2 | 0 | |a Maďarsko |
| 100 | 1 | |a Hajba, Máté | |